<?xml version="1.0" encoding="UTF-8"?>
<record
    xmlns:xsi="http://www.w3.org/2001/XMLSchema-instance"
    xsi:schemaLocation="http://www.loc.gov/MARC21/slim http://www.loc.gov/standards/marcxml/schema/MARC21slim.xsd"
    xmlns="http://www.loc.gov/MARC21/slim">

  <leader>02533ngm a22005057a 4500</leader>
  <controlfield tag="006">a|||||s|||||00| 0 </controlfield>
  <controlfield tag="007">tz</controlfield>
  <controlfield tag="008">110622s2005    cau|||||s|||| 00| 0 eng d</controlfield>
  <datafield tag="020" ind1=" " ind2=" ">
    <subfield code="a">0767827791</subfield>
  </datafield>
  <datafield tag="024" ind1=" " ind2=" ">
    <subfield code="a">043396828797</subfield>
  </datafield>
  <datafield tag="082" ind1=" " ind2=" ">
    <subfield code="2">22</subfield>
    <subfield code="a">791.4372</subfield>
    <subfield code="b">PIC</subfield>
  </datafield>
  <datafield tag="245" ind1="0" ind2="0">
    <subfield code="a">Picnic</subfield>
    <subfield code="h">[videorecording] /</subfield>
    <subfield code="c">Columbia Pictures Corporation; screenplay by Daniel Taradash ; produced by Fred Kohlmar ; directed by Joshua Logan.   </subfield>
  </datafield>
  <datafield tag="260" ind1=" " ind2=" ">
    <subfield code="a">Culver City, Calif. :</subfield>
    <subfield code="b">Sony Pictures Home Entertainment, 2005</subfield>
    <subfield code="c">2005</subfield>
  </datafield>
  <datafield tag="300" ind1=" " ind2=" ">
    <subfield code="a">1 videodisc (ca. 113 min.) :</subfield>
    <subfield code="b">sd., col. ;</subfield>
    <subfield code="c">4 3/4 in.   </subfield>
  </datafield>
  <datafield tag="500" ind1=" " ind2=" ">
    <subfield code="a">Originally released as a motion picture in 1955.</subfield>
  </datafield>
  <datafield tag="500" ind1=" " ind2=" ">
    <subfield code="a">Based on the play by William Inge.</subfield>
  </datafield>
  <datafield tag="500" ind1=" " ind2=" ">
    <subfield code="a">Special features: photo montage, vintage advertising, talent files, theatrical trailers</subfield>
  </datafield>
  <datafield tag="508" ind1=" " ind2=" ">
    <subfield code="a">Director of photography, James Wong Howe ; music composed by George Duning; art director, William Flannery ; film editors, Charles Nelson, William A. Lyon</subfield>
  </datafield>
  <datafield tag="511" ind1=" " ind2=" ">
    <subfield code="a">William Holden, Kim Novak, Susan Strasberg, Cliff Robertson, Rosalind Russell, Betty Field</subfield>
  </datafield>
  <datafield tag="520" ind1=" " ind2=" ">
    <subfield code="a">The story covers one Labor Day week-end in a small Kansas town, and tells about the impact a virile drifter has on the lives of several women in town.</subfield>
  </datafield>
  <datafield tag="521" ind1=" " ind2=" ">
    <subfield code="a">MPAA rating: Rated PG.   </subfield>
  </datafield>
  <datafield tag="538" ind1=" " ind2=" ">
    <subfield code="a">DVD ; Region 1, NTSC; full screen format (1.33:1 aspect ratio) ; Dolby digital.</subfield>
  </datafield>
  <datafield tag="546" ind1=" " ind2=" ">
    <subfield code="a">English with optional Spanish, Portuguese soundtrack, and with optional English, Spanish, Portuguese, Chinese,  Korean, Thai subtitles; Closed-captioned.   </subfield>
  </datafield>
  <datafield tag="586" ind1=" " ind2=" ">
    <subfield code="a">2 Academt Awards for Best Art Direction-Set Decoration, Color and Best Film Editing, 1955 </subfield>
  </datafield>
  <datafield tag="650" ind1=" " ind2=" ">
    <subfield code="9">24627</subfield>
    <subfield code="a">Love</subfield>
    <subfield code="v">Drama</subfield>
  </datafield>
  <datafield tag="650" ind1=" " ind2=" ">
    <subfield code="9">25065</subfield>
    <subfield code="a">Man-woman relationships</subfield>
    <subfield code="v">Drama </subfield>
  </datafield>
  <datafield tag="653" ind1=" " ind2=" ">
    <subfield code="c">June2011</subfield>
    <subfield code="c">June2011</subfield>
  </datafield>
  <datafield tag="655" ind1=" " ind2=" ">
    <subfield code="a">Feature films</subfield>
  </datafield>
  <datafield tag="700" ind1=" " ind2=" ">
    <subfield code="9">25772</subfield>
    <subfield code="a">Nelson, Charles</subfield>
    <subfield code="e">flm</subfield>
  </datafield>
  <datafield tag="700" ind1=" " ind2=" ">
    <subfield code="9">25773</subfield>
    <subfield code="a">Lyon, William A.</subfield>
    <subfield code="e">flm</subfield>
  </datafield>
  <datafield tag="700" ind1=" " ind2=" ">
    <subfield code="9">25768</subfield>
    <subfield code="a">Flannery, William</subfield>
    <subfield code="e">ard</subfield>
  </datafield>
  <datafield tag="700" ind1=" " ind2=" ">
    <subfield code="9">25771</subfield>
    <subfield code="a">Duning, George </subfield>
    <subfield code="e">cmp</subfield>
  </datafield>
  <datafield tag="700" ind1=" " ind2=" ">
    <subfield code="9">25770</subfield>
    <subfield code="a">Howe, James Wong</subfield>
    <subfield code="e">cng</subfield>
  </datafield>
  <datafield tag="700" ind1=" " ind2=" ">
    <subfield code="9">25759</subfield>
    <subfield code="a">Kohlmar, Fred</subfield>
    <subfield code="d">1905-1969.</subfield>
    <subfield code="e">pro</subfield>
  </datafield>
  <datafield tag="700" ind1=" " ind2=" ">
    <subfield code="9">25760</subfield>
    <subfield code="a">Logan, Joshua</subfield>
    <subfield code="e">drt</subfield>
  </datafield>
  <datafield tag="700" ind1=" " ind2=" ">
    <subfield code="9">25761</subfield>
    <subfield code="a">Inge, William</subfield>
    <subfield code="e">aut</subfield>
    <subfield code="t">Picnic</subfield>
  </datafield>
  <datafield tag="700" ind1=" " ind2=" ">
    <subfield code="9">25762</subfield>
    <subfield code="a">Taradash, Daniel</subfield>
    <subfield code="d">1913-2003</subfield>
    <subfield code="e">aus</subfield>
  </datafield>
  <datafield tag="700" ind1=" " ind2=" ">
    <subfield code="9">25763</subfield>
    <subfield code="a">Holden, William</subfield>
    <subfield code="d">1918-1981</subfield>
    <subfield code="e">act</subfield>
  </datafield>
  <datafield tag="700" ind1=" " ind2=" ">
    <subfield code="9">25764</subfield>
    <subfield code="a">Novak, Kim</subfield>
    <subfield code="e">act</subfield>
  </datafield>
  <datafield tag="700" ind1=" " ind2=" ">
    <subfield code="9">25765</subfield>
    <subfield code="a">Strasberg, Susan</subfield>
    <subfield code="e">act</subfield>
  </datafield>
  <datafield tag="700" ind1=" " ind2=" ">
    <subfield code="9">25766</subfield>
    <subfield code="a">Robertson, Cliff.</subfield>
    <subfield code="e">act</subfield>
  </datafield>
  <datafield tag="700" ind1=" " ind2=" ">
    <subfield code="9">25767</subfield>
    <subfield code="a">Russell, Rosalind</subfield>
    <subfield code="e">act</subfield>
  </datafield>
  <datafield tag="700" ind1=" " ind2=" ">
    <subfield code="9">25768</subfield>
    <subfield code="a">Flannery, William</subfield>
    <subfield code="e">ard</subfield>
  </datafield>
  <datafield tag="942" ind1=" " ind2=" ">
    <subfield code="2">ddc</subfield>
    <subfield code="c">CDVDMOV</subfield>
  </datafield>
  <datafield tag="999" ind1=" " ind2=" ">
    <subfield code="c">15649</subfield>
    <subfield code="d">15649</subfield>
  </datafield>
  <datafield tag="952" ind1=" " ind2=" ">
    <subfield code="0">0</subfield>
    <subfield code="1">0</subfield>
    <subfield code="2">ddc</subfield>
    <subfield code="4">0</subfield>
    <subfield code="7">0</subfield>
    <subfield code="8">Baccah</subfield>
    <subfield code="a">MAIN</subfield>
    <subfield code="b">MAIN</subfield>
    <subfield code="c">2ND</subfield>
    <subfield code="d">2011-06-22</subfield>
    <subfield code="g">163.00</subfield>
    <subfield code="h">12512</subfield>
    <subfield code="l">0</subfield>
    <subfield code="o">791.4372 PIC</subfield>
    <subfield code="p">000024274</subfield>
    <subfield code="r">2022-08-24 00:00:00</subfield>
    <subfield code="w">2011-06-22</subfield>
    <subfield code="y">CDVDMOV</subfield>
  </datafield>
</record>
